-
Desikan, Srinivasan and Ramesh, Gopalaswamy
Entry Personal Name
Number of records used in: 1
001 - CONTROL NUMBER
003 - CONTROL NUMBER IDENTIFIER
005 - DATE AND TIME OF LATEST TRANSACTION
- control field:
20180206121238.0
008 - FIXED-LENGTH DATA ELEMENTS
- fixed length control field:
180206|| aca||aabn | a|a d
040 ## - CATALOGING SOURCE
- Original cataloging agency:
OSt
- Transcribing agency:
OSt
100 ## - HEADING--PERSONAL NAME
- Personal name:
Desikan, Srinivasan and Ramesh, Gopalaswamy
670 ## - SOURCE DATA FOUND
- Source citation:
Work cat.: (OSt)5128: Desikan, Srinivasan and Ramesh, Gopalaswamy, Software testing: principles and practices, 2013